Every F1 driver that has won their home gp - Statistics

General Stats
  • This quiz has been taken 43 times
  • The average score is 24 of 37
Answer Stats
Number of total race wins. Number of home race wins. Nationality Driver % Correct
32 3 Spain Alonso
100%
105 9 Great Britain Hamilton
100%
91 9 Germany Schumacher
100%
6 2 Germany Schumacher
100%
8 1 Monaco Leclerc
98%
62 3 Netherlands Verstappen
98%
41 2 Brazil Senna
93%
51 6 France Prost
90%
24 4 Argentina Fangio
88%
25 1 Austria Lauda
85%
53 1 Germany Vettel
85%
22 1 Great Britain Hill
78%
6 1 Canada Villeneuve
78%
25 5 Great Britain Clark
73%
31 5 Great Britain Mansell
73%
27 2 Great Britain Stewart
73%
11 2 Brazil Massa
70%
23 1 Germany Rosberg
70%
12 1 USA Andretti
65%
13 2 Italy Ascari
65%
23 2 Brazil Piquet
65%
5 1 Italy Farina
63%
10 1 South Africa Scheckter
63%
13 2 Great Britain Coulthard
60%
16 2 Great Britain Moss
60%
10 1 Great Britain Hunt
58%
14 2 Brazil Fittipaldi
53%
7 1 France Arnoux
45%
1 1 Brazil Pace
38%
6 1 Italy Patrese
38%
3 1 Great Britain Herbert
30%
2 1 France Jabouille
28%
5 1 Great Britain Watson
28%
3 1 Great Britain Collins
25%
6 1 Great Britain Brooks
20%
1 1 Italy Scarfiotti
15%
2 1 Italy Angelis
3%
No matching quizzes found
Score Distribution
Percent of People with Each Score
Percentile by Number Answered
Your Score History
You have not taken this quiz